[Event "Relampago R-033 corr"]
[Site "CXV corr"]
[Date "2001.06.09"]
[Round "?"]
[White "Couto Araujo, Marco Antonio"]
[Black "Schreiber, Eder Jonas"]
[Result "0-1"]
[WhiteElo "1471"]
[BlackElo "1758"]
[PlyCount "27"]
[EventDate "2001.??.??"]
[EventType "tourn (corr)"]
[EventRounds "12"]
[EventCountry "BRA"]
[SourceTitle "Corr 2004"]
[Source "ChessBase"]
[SourceDate "2003.04.28"]
[SourceVersion "3"]
[SourceVersionDate "2003.04.28"]
[SourceQuality "1"]

1. d4 d5 2. c4 dxc4 3. e4 e5 4. Bxc4 Qxd4 5. Qxd4 exd4 6. Nf3 Nc6 7. 0-0 Be6 8. Bb5 Bd7 9. Rd1 0-0-0 10. Bf4 a6 11. Ba4 Bc5 12. a3 h6 13. b4 Ba7 14. b5 0-1